Datum a čas kvízu
27
Celkem bodů
Celkový počet nahraných bodů na tomto kvízu bez doplňovacích otázek.
3.
Pořadí na kvízu
Konečné umístění týmu na tomto kvízu.
Zaznamenané odpovědi
| # | Otázka | Odpověď | Body | Výsledky |
|---|---|---|---|---|
| 1. | Europoslankyně Markéta Gregoro... | prcat | 1 | |
| 2. | Na fotografii vidíme uměle vyb... | v Londýně | 1 | |
| 3. | Minulý týden nás zaskočil jede... | Karlos Vémola, Lela Ceterová | 1 | |
| 4. | Britský supermarket Morrisons... | D | 1 | |
| 5. | Minulý týden se konalo mistrov... | Tallinn | 1 | |
| 6. | V cestovatelském seriálu nás č... | po Anežce | 1 | |
| 7. | Jedním z nejnavštěvovanějších... | ZOO | 1 | |
| 8. | Jak se nazývá pískovcová skaln... | Prachovské skály | 1 | |
| 9. | Které z těchto oblíbených zimn... | D | 1 | |
| 10. | Ve které obci najdeme vyhlášen... | v Dětenicích | 1 |